| 000 | 02606nam a22002417a 4500 | ||
|---|---|---|---|
| 003 | Uzh_bibl | ||
| 008 | 260429b |||||||| |||| 00| 0 ukr d | ||
| 020 |
_a 978-966-538-221-8 _c25.00 |
||
| 040 | _bукр. | ||
| 041 |
_2ukr _aukr |
||
| 080 | _a94(477) | ||
| 090 |
_a94(477) _bП 84 |
||
| 100 | _aПрохода,Василь | ||
| 245 |
_aДумки про Правду.До історії постання української нації. _hТекст |
||
| 260 |
_aДрогобич _bВідродження _c2009 |
||
| 300 |
_a568 с. _fВ опр. |
||
| 520 | _aЦе книга про українську Правду, про віковічну боротьбу за неї на полях кривавих битв її у свідомості українців. В історичній частині тексту автор – кубанський українець із дивовижно складною долею борця за Соборну Самостіїїну Україну – докладно описує події та персонали змагань за українську Правду в добу УНР та проти неї в СРСР. Соціо-софська частина книги становить роздуми – глибокі, аргументовані, часом суперечливі – про різні аспекти духовного життя української людини її українського суспільства., Читач знайде у книзі безліч маловідомих або її зовсім невідомих фактів, тонких спостережень, інтелектуальних знахідок, оригінальних тверджень про наше минуле її перспективи на майбутнє. Книга багато в чому є ключем до розуміння причин нинішнього стану української нації її держави., Видання адресоване науковцям-українознавцям, студентам, гімназистам, ліцеїстам, старшокласникам та широкому загалові читачів, які не байдужі до української Правди і прагнуть її утвердження. | ||
| 521 | _aДля широкого кола читачів | ||
| 546 | _aукр. | ||
| 650 | _aНауково-публіцистичне видання | ||
| 653 |
_aКубань _aУНР _aСРСР |
||
| 942 |
_2udc _cBK |
||
| 999 |
_c17555 _d17555 |
||